Các yếu tố ảnh hưởng đến việc giới hạn tín dụng chính thức của hộ chăn nuôi cá tra ở thành phố Cần Thơ : Luận văn Thạc sĩ Kinh tế. Chuyên ngành Tài chính - Ngân hàng

Các yếu tố ảnh hưởng đến việc giới hạn tín dụng chính thức của hộ chăn nuôi cá tra ở thành phố Cần Thơ và đề xuất giải pháp giảm thiểu rủi ro trong hoạt động cho vay với các doanh nghiệp vừa và nhỏ trên địa bàn tỉnh Cần Thơ...

Volledige beschrijving

Bewaard in:
Bibliografische gegevens
Hoofdauteur: Phan, Chí Hùng
Formaat: Boek
Taal:Undetermined
Gepubliceerd in: Cần Thơ Trường Đại học Cần Thơ 2016
Onderwerpen:
Tags: Voeg label toe
Geen labels, Wees de eerste die dit record labelt!
Thư viện lưu trữ: Trung tâm Học liệu Trường Đại học Cần Thơ
LEADER 01238nam a2200217Ia 4500
001 CTU_212739
008 210402s9999 xx 000 0 und d
082 |a 332.12 
082 |b H513 
088 |a 60340201 
100 |a Phan, Chí Hùng 
245 0 |a Các yếu tố ảnh hưởng đến việc giới hạn tín dụng chính thức của hộ chăn nuôi cá tra ở thành phố Cần Thơ : 
245 0 |b Luận văn Thạc sĩ Kinh tế. Chuyên ngành Tài chính - Ngân hàng 
245 0 |c Phan Chí Hùng ; Nguyễn Phú Son (Cán bộ hướng dẫn) 
260 |a Cần Thơ 
260 |b Trường Đại học Cần Thơ 
260 |c 2016 
520 |a Các yếu tố ảnh hưởng đến việc giới hạn tín dụng chính thức của hộ chăn nuôi cá tra ở thành phố Cần Thơ và đề xuất giải pháp giảm thiểu rủi ro trong hoạt động cho vay với các doanh nghiệp vừa và nhỏ trên địa bàn tỉnh Cần Thơ 
650 |a Tín dụng ngân hàng,Bank credit 
904 |i Nguyên 
980 |a Trung tâm Học liệu Trường Đại học Cần Thơ